| 000 | 00725nam a22001577a 4500 | ||
|---|---|---|---|
| 003 | OSt | ||
| 005 | 20150921151434.0 | ||
| 008 | 150921b xxu||||| |||| 00| 0 eng d | ||
| 040 | _cRUA | ||
| 082 | _aAGR CHH 2006 B034 Or.1 | ||
| 100 |
_91019 _aCHHUM, VISETH. |
||
| 245 | _aEffect of different midai (pda,ma,pdase, pdarbs to the growth of oyster mushroom ឥទ្ធិពលនៃមជ្ឈដ្ឋានខុសគ្នា (ប៉េដេអា, អឹមអា,ប៉េដេអាអេសអឺ, ប៉េដេអាអ៊ែបេអេស) លើការលូតលសាស់របស់ផ្សិតអំបោះ | ||
| 260 |
_aPhnom Penh _bRUA _c2006 |
||
| 300 |
_a42p. _bill. _c29cm. |
||
| 942 |
_2ddc _cAGR |
||
| 999 |
_c977 _d977 |
||